| 000 | 00641nam a2200241 a 4500 | ||
|---|---|---|---|
| 999 |
_c5174 _d5174 |
||
| 001 | 5174 | ||
| 003 | BD-JhCC | ||
| 005 | 20171210102945.0 | ||
| 008 | 171210s19821985n a|||| || | 001 0 eng d | ||
| 035 | _a(BD-JhCC)5174 | ||
| 040 |
_aBD-JhCC _dBD-JhCC |
||
| 041 | _aeng | ||
| 082 |
_a510 _bPAY 1985 |
||
| 100 | _aPayne, N. Joseph | ||
| 245 |
_aMathematics / _cPayne, N. Joseph, Bryan H. Bunch & Rudd A. Grawford |
||
| 260 |
_aNew York : _bHapper & Row, Publishers, _c1985. |
||
| 300 |
_a474 p. : _c26 cm. |
||
| 650 | _aMathematics | ||
| 700 | _aBunch, Bryan H. | ||
| 700 | _aGrawford, Rudd A. | ||
| 942 |
_2ddc _cBK |
||